<?xml version="1.0" encoding="UTF-8"?>
<record
    xmlns:xsi="http://www.w3.org/2001/XMLSchema-instance"
    xsi:schemaLocation="http://www.loc.gov/MARC21/slim http://www.loc.gov/standards/marcxml/schema/MARC21slim.xsd"
    xmlns="http://www.loc.gov/MARC21/slim">

  <leader>01532nab a2200229uuc4500</leader>
  <controlfield tag="001">1064302</controlfield>
  <controlfield tag="005">20240202083853.0</controlfield>
  <controlfield tag="008">080128s2006                        fre  </controlfield>
  <datafield tag="035" ind1=" " ind2=" ">
    <subfield code="a">1064302</subfield>
  </datafield>
  <datafield tag="035" ind1=" " ind2=" ">
    <subfield code="a">(OCoLC)820384823</subfield>
  </datafield>
  <datafield tag="040" ind1=" " ind2=" ">
    <subfield code="c">comduadb</subfield>
  </datafield>
  <datafield tag="041" ind1=" " ind2=" ">
    <subfield code="a">fre</subfield>
  </datafield>
  <datafield tag="100" ind1="1" ind2="0">
    <subfield code="a">Paillard, Christophe Alexandre</subfield>
    <subfield code="4">aut</subfield>
    <subfield code="e">aut</subfield>
    <subfield code="9">449447</subfield>
  </datafield>
  <datafield tag="245" ind1="1" ind2="0">
    <subfield code="a">G&#xE9;opolitique de l'energie en Am&#xE9;rique Latine : le temps des incertitudes</subfield>
  </datafield>
  <datafield tag="260" ind1=" " ind2=" ">
    <subfield code="c">2006.</subfield>
  </datafield>
  <datafield tag="520" ind1="3" ind2=" ">
    <subfield code="a">Hoy en d&#xED;a, Latinoam&#xE9;rica est&#xE1; llamada a jugar un papel cada vez m&#xE1;s preponderante en el escenario energ&#xE9;tico mundial. La dimensi&#xF3;n del problema energ&#xE9;tico latinoamericano se ha visto afectada por los cambios del contexto econ&#xF3;mico internacional. El problema de la energ&#xED;a en esta regi&#xF3;n del mundo ya no refleja &#xFA;nicamente las consideraciones internas del subcontinente. En general, y en un lapso de treinta a&#xF1;os, la regi&#xF3;n ha pasado de un enfoque local a una integraci&#xF3;n en los mercados energ&#xE9;ticos internacionales, paralelamente a la apertura econ&#xF3;mica internacional de Am&#xE9;rica Latina y a su participaci&#xF3;n en los grandes flujos comerciales del mundo. La energ&#xED;a  latinoamericana, por lo tanto, se ha convertido en una apuesta geopol&#xED;tica y estrat&#xE9;gica absolutamente crucial.</subfield>
  </datafield>
  <datafield tag="650" ind1=" " ind2=" ">
    <subfield code="a">Sector energetico - America Latina</subfield>
    <subfield code="9">116042</subfield>
  </datafield>
  <datafield tag="650" ind1=" " ind2="7">
    <subfield code="a">Geograf&#xED;a pol&#xED;tica</subfield>
    <subfield code="2">lemb</subfield>
    <subfield code="9">43767</subfield>
  </datafield>
  <datafield tag="650" ind1=" " ind2=" ">
    <subfield code="a">Mercado de energ&#xED;a</subfield>
    <subfield code="9">38098</subfield>
  </datafield>
  <datafield tag="773" ind1="0" ind2=" ">
    <subfield code="t">Desaf&#xED;os (Bogot&#xE1;)</subfield>
    <subfield code="g">No. 14, Ene.-Jun. 2006, p. 239-303</subfield>
    <subfield code="w">810353</subfield>
    <subfield code="x">0124-4035</subfield>
    <subfield code="0">283996</subfield>
  </datafield>
  <datafield tag="942" ind1=" " ind2=" ">
    <subfield code="c">ARIMP</subfield>
  </datafield>
  <datafield tag="999" ind1=" " ind2=" ">
    <subfield code="c">447149</subfield>
    <subfield code="d">447149</subfield>
  </datafield>
</record>
